| 000 | 00398pab a2200157 454500 | ||
|---|---|---|---|
| 008 | 180718b2001 xxu||||| |||| 00| 0 eng d | ||
| 100 | _aBal, A.S. | ||
| 245 | _aUpflow anaerobic sludge blanket reacter - a review | ||
| 260 | _c2001 | ||
| 300 | _ap.1-83 | ||
| 362 | _aApr | ||
| 650 | _aWaste water | ||
| 700 | _aDhagat, N.N. | ||
| 773 | _aIndian Journal of Environmental Health | ||
| 909 | _a49363 | ||
| 999 |
_c49363 _d49363 |
||